000 02494cam a2200313 4500500
005 20260405003436.0
041 _afre
042 _adc
100 1 0 _aBenyadine, Amira
_eauthor
245 0 0 _aIdentités queer et déambulations nocturnes dans la médina
260 _c2026.
500 _a78
520 _aCette étude explore les dynamiques des identités queer dans l’espace nocturne de la médina de Larache, au Maroc. Elle montre comment les individus queer résistent aux normes sociales et spatiales dans les contextes urbains du Sud global, notamment dans les médinas marocaines, marquées par une forte densité, un contrôle social intense et des conflits d’usages. Quelles tactiques de braconnage et de camouflage permettent de s’approprier la nuit ? Comment la marche, envisagée comme acte de résistance, révèle-t-elle leur droit à la ville ? En articulant le cadre du « drame social » de Turner et les concepts de De Certeau, cette recherche met en lumière l’articulation du corps queer et de l’espace, et propose une lecture politique de la nuit comme scène de résistance.
520 _aThis study explores the dynamics of queer identities within the nocturnal space of the medina of Larache, Morocco. It examines how queer individuals resist social and spatial norms in urban contexts of the Global South, particularly in Moroccan medinas marked by high density, intense social control, and conflicts over the use of space. What tactics of poaching and camouflage enable the appropriation of the night? How does walking, understood as an act of resistance, reveal their right to the city? By bringing together Victor Turner’s framework of “social drama” and Michel de Certeau’s concepts, this research illuminates the entanglement of the queer body and urban space and advances a political reading of the night as a scene of resistance.
690 _abraconnage
690 _aespace urbain nocturne
690 _aidentités queers
690 _aliminalité
690 _aNight studies
690 _atactiques de résistance
690 _aliminality
690 _anight studies
690 _anocturnal urban space
690 _apoaching
690 _aqueer identities
690 _aresistance tactics
786 0 _nGéographie, économie, société | 27 | 3-4 | 2026-04-01 | p. 427-438 | 1295-926x
856 4 1 _uhttps://shs.cairn.info/revue-geographie-economie-societe-2025-3-page-427?lang=fr&redirect-ssocas=7080
999 _c2067567
_d2067567